000 00327 a2200157 4500
001 185261
020 _a
040 _cMagnum
100 _aMotta, Dantas
240 1 0 _aMário de Andrade: poesia
_lpor
245 1 0 _aMário de Andrade: poesia
300 _a
362 0 _a1961
697 _aLITERATURA GERAL
942 _cBK
999 _c185261
_d185261